The Economics of information processing /

Bibliographic Details
Other Authors: Goldberg, Robert, 1939-, Lorin, Harold
Format: Book
Language:English
Published: New York : Wiley, [1982-]
Series:"A Wiley-Interscience publication."
Subjects:

MARC

Tag First Indicator Second Indicator Subfields
LEADER 00000cam a2200000 a 4500
001 in00000077195
005 20151008060554.0
008 810707s1982 nyua b 00000 eng
010 |a  81011429  
020 |a 0471092061 (v. 1) 
020 |a 0471097675 (v. 2) 
035 |a (OCoLC)07615094 
035 |9 AAJ6061AM 
039 0 |a 2  |b 3  |c 3  |d 3  |e 3 
040 |a DLC  |c DLC  |d OCL  |d TXA  |d UtOrBLW 
049 |a TXAM  |v 1 [1672988]  |v 2 [1672989] 
050 0 0 |a QA76.9.E25  |b E26 
082 0 |a 658.1/552  |2 19 
245 0 4 |a The Economics of information processing /  |c Robert Goldberg, Harold Lorin [editors]. 
264 1 |a New York :  |b Wiley,  |c [1982-] 
264 4 |c ©1982- 
300 |a 2 volumes :  |b illustrations ;  |c 29 cm. 
336 |a text  |b txt  |2 rdacontent 
337 |a unmediated  |b n  |2 rdamedia 
338 |a volume  |b nc  |2 rdacarrier 
490 0 |a "A Wiley-Interscience publication." 
504 |a Includes bibliographical references. 
505 1 |a v. 1. Management perspectives -- v. 2. Operations, programming and software models. 
650 0 |a Electronic data processing  |x Economic aspects. 
700 1 |a Goldberg, Robert,  |d 1939- 
700 1 |a Lorin, Harold. 
999 |a MARS 
999 f f |s 244791dd-ce8f-38b0-b91f-086486226380  |i a520de65-9b00-3f6e-b8c4-a8b4e37b74b1  |t 0 
952 f f |p ric  |a Texas A&M University  |b Rellis Campus  |c Joint Library Facility  |d Remote Storage  |t 0  |e QA76.9.E25 E26  |h Library of Congress classification  |i unmediated -- volume  |k v.2  |m A14806202908 
952 f f |p ric  |a Texas A&M University  |b Rellis Campus  |c Joint Library Facility  |d Remote Storage  |t 0  |e QA76.9.E25 E26  |h Library of Congress classification  |i unmediated -- volume  |k v.1  |m A14806202893 
998 f f |a QA76.9.E25 E26  |s v.1-v.2  |t 0  |l Remote Storage